000
00309nam a2200109Ia 4500
008
220204s9999 xx 000 0 und d
082
_a
382.6(058)(540)
_b
IND
245
0
_a
Indian export directory. 1965-66, 1968
250
_a
Ed.4&17
260
_a
Calcutta
_b
Dept of commercial and Statistics
_c
1968
942
_c
BK
999
_c
21630
_d
21630